REFRESHER COURSE IN PHYSICS VOL 2ND & 3RD (Record no. 9320)

MARC details
000 -LEADER
fixed length control field 00625nam a22001697a 4500
003 - CONTROL NUMBER IDENTIFIER
control field SGT
020 ## - INTERNATIONAL STANDARD BOOK NUMBER
International Standard Book Number 9788121904667
082 ## - DEWEY DECIMAL CLASSIFICATION NUMBER
Classification number 530,ARO
100 ## - MAIN ENTRY--PERSONAL NAME
Personal name ARORA,C.L
245 ## - TITLE STATEMENT
Title REFRESHER COURSE IN PHYSICS VOL 2ND & 3RD
Remainder of title FOR B.SC (PASS/HONS.) OF ALL INDIAN UNIVERSITIES
250 ## - EDITION STATEMENT
Edition statement 19TH
260 ## - PUBLICATION, DISTRIBUTION, ETC. (IMPRINT)
Place of publication, distribution, etc NEW DELHI
Name of publisher, distributor, etc S.CHAND
Year of Publication 2014
300 ## - PAGE DESCRIPTION
No. of Pages 495
650 ## - SUBJECT ADDED ENTRY--TOPICAL TERM
Topical term or geographic name as entry element PHYSICS
653 ## - KEYWORDS--INDEX TERM
Keyword term VOL 2ND Heat, Thermodynamics And Statistical Physics Section-2: Optics And Laser Section3: Quantum Physics .. VOL-3RD Section-I: Solid State Physics| Section-Ii Electronics | Section-Iii: Nuclear And Particle Physics
942 ## - ADDED ENTRY ELEMENTS (KOHA)
Source of classification or shelving scheme Dewey Decimal Classification
Koha item type FPS Books
942 ## - ADDED ENTRY ELEMENTS (KOHA)
-- 11
Holdings
Withdrawn status Lost status Source of classification or shelving scheme Damaged status Not for loan Collection code Home library Current library Shelving location Date acquired Vendor Name Cost, normal purchase price Volume Information (Serial or Books or Non-Book Material) SGTU Bill Number Total Checkouts Full call number Accession No. (Barcode) Date last seen Date last borrowed Bill Date Koha item type
    Dewey Decimal Classification     SCIENCE SGT Science & Social Sciences Library SGT Science & Social Sciences Library On Display 29/06/2016 SPARSH BOOK 595.00 2 SGTU 1291 14 530,ARO PS552 09/10/2024 09/10/2024 25/11/2014 FPS Books
    Dewey Decimal Classification     SCIENCE SGT Science & Social Sciences Library SGT Science & Social Sciences Library On Display 29/06/2016 SPARSH BOOK 595.00 2 SGTU 1291 19 530,ARO PS553 03/12/2024 03/12/2024 25/11/2014 FPS Books
    Dewey Decimal Classification     SCIENCE SGT Science & Social Sciences Library SGT Science & Social Sciences Library On Display 29/06/2016 SPARSH BOOK 500.00 3 SGTU 1291 21 530,ARO PS554 23/03/2026 23/03/2026 25/11/2014 FPS Books
    Dewey Decimal Classification     SCIENCE SGT Science & Social Sciences Library SGT Science & Social Sciences Library On Display 29/06/2016 SPARSH BOOK 500.00 3 SGTU 1291 13 530,ARO PS555 15/04/2021 31/03/2021 25/11/2014 FPS Books